Statistics for Verdens land

Click here to take the quiz!

General Stats

  • This quiz has been taken 78 377 times
    (19 419 since last reset)
  • The average score is 78 of 196

Answers on the Map

Answers color-coded by a green-red scale on the quiz's map according to % correct below.
 

Answer Stats

Land% Correct
Norge
97%
Russland
94%
Sverige
93%
Danmark
92%
Finland
92%
USA
92%
Spania
91%
Frankrike
89%
Italia
88%
Tyskland
88%
Kina
87%
Island
86%
Canada
85%
Ukraina
85%
Polen
84%
Australia
82%
Japan
81%
Portugal
81%
Brasil
80%
Storbritannia
80%
Mexico
78%
Hellas
77%
India
77%
Irland
76%
Tyrkia
75%
Egypt
74%
Nederland
73%
Sør-Korea
72%
Sør-Afrika
71%
Nord-Korea
70%
Sveits
70%
Argentina
69%
Latvia
69%
Chile
68%
Estland
67%
Israel
67%
Belgia
66%
Iran
63%
Litauen
63%
Irak
62%
Niger
61%
Østerrike
61%
Thailand
61%
Albania
60%
New Zealand
60%
Slovakia
59%
Kroatia
57%
Pakistan
57%
Somalia
57%
Marokko
56%
Romania
56%
Peru
55%
Slovenia
55%
Afghanistan
54%
Colombia
54%
Tsjekkia
54%
Bulgaria
53%
Indonesia
53%
Madagaskar
52%
Nigeria
52%
Serbia
52%
Syria
51%
Ungarn
51%
Cuba
50%
Filippinene
50%
Bosnia-Hercegovina
49%
Belarus
48%
Den demokratiske
republikken Kongo
48%
Republikken Kongo
47%
Saudi-Arabia
47%
Vietnam
47%
Mongolia
46%
Kenya
45%
Luxembourg
45%
Sudan
43%
Bolivia
41%
Kosovo
41%
Etiopia
40%
Nepal
40%
Kasakhstan
39%
Moldova
39%
Uruguay
39%
Jemen
38%
Kypros
38%
Algerie
37%
Andorra
37%
Montenegro
37%
Venezuela
37%
Malta
36%
Ghana
35%
Sri Lanka
35%
Vatikanstaten
35%
Bangladesh
34%
Eritrea
34%
Libya
34%
Mali
34%
Nord-Makedonia
34%
Oman
34%
Paraguay
34%
Jamaica
33%
Jordan
33%
Tanzania
33%
Panama
32%
Qatar
32%
Sør-Sudan
32%
Fiji
31%
Costa Rica
30%
Malaysia
30%
Monaco
30%
Tunisia
30%
Angola
29%
Ecuador
29%
Georgia
29%
Liechtenstein
29%
Maldivene
29%
Senegal
29%
Haiti
28%
Uganda
28%
Armenia
27%
Aserbajdsjan
27%
De forente arabiske
emirater
27%
Laos
27%
Libanon
27%
San Marino
27%
Usbekistan
27%
Zambia
27%
Singapore
26%
Zimbabwe
26%
Bahamas
25%
Myanmar
25%
Taiwan
25%
Turkmenistan
25%
Guatemala
23%
Honduras
23%
Gambia
22%
Guinea
21%
Namibia
21%
Tsjad
21%
Botswana
20%
El Salvador
20%
Kambodsja
20%
Togo
20%
Belize
19%
Bhutan
19%
Elfenbenskysten
19%
Kamerun
19%
Kirgisistan
19%
Liberia
19%
Rwanda
19%
Surinam
19%
Benin
18%
Den dominikanske
republikk
18%
Guyana
18%
Nicaragua
18%
Kapp Verde
17%
Kuwait
17%
Malawi
16%
Mauritania
16%
Mauritius
16%
Mosambik
16%
Papua Ny-Guinea
16%
Burkina Faso
15%
Den sentralafrikanske
republikk
15%
Gabon
15%
Lesotho
15%
Sierra Leone
15%
Bahrain
14%
Barbados
14%
Brunei
14%
Burundi
14%
Djibouti
13%
Dominica
13%
Saint Lucia
13%
Trinidad og Tobago
13%
Øst-Timor
12%
Salomonøyene
12%
Seychellene
12%
Tadsjikistan
12%
Tonga
12%
Tuvalu
12%
Guinea-Bissau
11%
Mikronesiaføderasjonen
11%
Saint Kitts og Nevis
11%
Samoa
11%
Antigua og Barbuda
10%
Ekvatorial-Guinea
10%
Eswatini
10%
Kiribati
10%
Marshalløyene
10%
Nauru
10%
Saint Vincent og
Grenadinene
10%
Vanuatu
10%
Grenada
9%
Komorene
9%
Palau
9%
São Tomé og Príncipe
9%

Score Distribution

Percentile by Number Answered

Percent of People with Each Score

Your Score History

You have not taken this quiz since the last reset